000 01757cad a22002895a 4500
001 L158852
008 150416s2015 xxk f 000 0 eng d
035 _a(Sirsi) u158852
041 0 _aeng
110 2 _aRoyal Institution of Chartered Surveyors
_94900
245 0 0 _aDeveloping an approach to sustainable return on investment in the UK, Brazil and the USA
_h[electronic resource]
260 _aLondon
_bRICS
_c2015
300 _a59p.
490 0 _aRICS Research
520 _aDevelops an approach which places a value on the social and environmental impact of projects and applies these to the built environment. The work uses Social Return on Investment and Ecosystem Services Analysis techniques in an integrated manner in the context of projects and programmes in Brazil, the USA and the UK. It uses this approach to define sustainable return on investment. The research is directed towards built environment professionals in all sectors where evidence of social and environmental value is either demanded by a regulator or funder, or is likely to contribute to competitive advantage. It aims to collaborate with other disciplines in order to add value by developing new/future knowledge for society and practitioners.
650 2 4 _aSOCIAL RETURN ON INVESTMENT
650 2 4 _aECOSYSTEM SERVICES ANALYSIS
650 2 4 _aSUSTAINABLE RETURN ON INVESTMENT
651 4 _aUnited Kingdom
651 4 _aBrazil
651 4 _aUnited States
_y1959-
690 _aSustainability
_96271
690 _aValuation
_96273
700 1 _aBichard, Erik
856 4 0 _uhttps://www.propertyresearchtrust.org/uploads/1/3/4/8/134819607/fellowship_-_developing_an_approach_to_sustainable_return.pdf
_zAvailable from the Property Research Trust
942 _n0
_2ddc
999 _c115546
_d115546